Основы теории языка и коммуникации: учебное пособие для бакалавров

Մատենագիտական մանրամասներ
Հիմնական հեղինակ: Чарыкова О. Н. Ольга Николаевна
Այլ հեղինակներ: Попова З. Д. Зинаида Даниловна, Стернин И. А. Иосиф Абрамович
Ամփոփում:В пособии по курсу «Основы теории языка и коммуникации» представлены наиболее важные проблемы теоретического языкознания и теории коммуникации, которые рассматриваются с учетом современных достижений отечественной и зарубежной лингвистики, в том числе исследований теоретико-лингвистической школы Воронежского государственного университета. Пособие отвечает требованиям образовательного стандарта бакалавриата по направлению подготовки 0327000 - филология, предусматривающего изучение курсов «Введение в языкознание», «Введение в теорию коммуникации». Для бакалавров филологических специальностей университетов. Может быть использовано магистрантами и специалистами при изучении курсов «Введение в языкознание», «Общее языкознание», «Введение в теорию коммуникации».
Լեզու:ռուսերեն
Հրապարակվել է: Москва, Флинта, 2012
Խորագրեր:
Ձևաչափ: MixedMaterials Գիրք
KOHA link:https://koha.lib.tpu.ru/cgi-bin/koha/opac-detail.pl?biblionumber=217897

MARC

LEADER 00000nam0a2200000 4500
001 217897
005 20231101230145.0
010 |a 9785020372863 
010 |a 978-5-9765-0971-9 
035 |a (RuTPU)RU\TPU\book\237901 
090 |a 217897 
100 |a 20120609d2012 m y0rusy50 ca 
101 0 |a rus 
102 |a RU 
105 |a y j 001zy 
200 1 |a Основы теории языка и коммуникации  |e учебное пособие для бакалавров  |f О. Н. Чарыкова, З. Д. Попова, И. А. Стернин 
210 |a Москва  |c Флинта  |c Наука  |d 2012 
215 |a 312 с. 
320 |a Библиогр.: с. 308-311. 
330 |a В пособии по курсу «Основы теории языка и коммуникации» представлены наиболее важные проблемы теоретического языкознания и теории коммуникации, которые рассматриваются с учетом современных достижений отечественной и зарубежной лингвистики, в том числе исследований теоретико-лингвистической школы Воронежского государственного университета. Пособие отвечает требованиям образовательного стандарта бакалавриата по направлению подготовки 0327000 - филология, предусматривающего изучение курсов «Введение в языкознание», «Введение в теорию коммуникации». Для бакалавров филологических специальностей университетов. Может быть использовано магистрантами и специалистами при изучении курсов «Введение в языкознание», «Общее языкознание», «Введение в теорию коммуникации». 
606 1 |a Языкознание  |x Учебные руководства и пособия  |2 stltpush  |3 (RuTPU)RU\TPU\subj\21809  |9 46744 
606 1 |a Межкультурная коммуникация  |x Общие вопросы  |2 stltpush  |3 (RuTPU)RU\TPU\subj\67936  |9 83528 
610 1 |a язык 
610 1 |a происхождение 
610 1 |a мышление 
610 1 |a фонетика 
610 1 |a фонология 
610 1 |a лексика 
610 1 |a фразеология 
610 1 |a грамматика 
610 1 |a морфология 
610 1 |a синтаксис 
610 1 |a история 
610 1 |a коммуникации 
610 1 |a общение 
610 1 |a поведение 
610 1 |a вербальное общение 
610 1 |a невербальное общение 
610 1 |a имидж 
610 1 |a речевые игры 
686 |a Ш100я73  |v LBC/SL-A  |2 rubbk 
686 |a Ч114я73  |v LBC/SL-A  |2 rubbk 
700 1 |a Чарыкова  |b О. Н.  |g Ольга Николаевна 
701 1 |a Попова  |b З. Д.  |g Зинаида Даниловна 
701 1 |a Стернин  |b И. А.  |g Иосиф Абрамович 
801 1 |a RU  |b 63413507  |c 20120609 
801 2 |a RU  |b 63413507  |c 20150417  |g RCR 
900 |a Основы теории коммуникации 
942 |c BK 
951 |b 032700 
959 |a 91/20120609  |d 2  |e 210,00  |f ЧЗИЛ:1  |f АНЛ:1